[Event "GBR-ch110 Major Open"]
[Site "Hull"]
[Date "2024.07.27"]
[Round "1.44"]
[White "Carmichael, Ned"]
[Black "Mittal, Advik"]
[Result "1-0"]
[WhiteElo "1924"]
[BlackElo "1619"]
[PlyCount "125"]
[EventDate "2024.07.27"]
[EventType "swiss"]
[EventRounds "9"]
[EventCountry "GBR"]
[SourceTitle "BritBase"]
[Source "John Saunders"]
[SourceDate "2025.02.20"]
[SourceVersion "1"]
[SourceVersionDate "2025.02.20"]
[SourceQuality "1"]

1. Nf3 Nf6 2. c4 e6 3. Nc3 d5 4. e3 Be7 5. b3 c6 6. Bb2 Nbd7 7. d4 O-O 8. Bd3 b6 9. O-O Bb7 10. Qe2 g6 11. Rac1 Nh5 12. Ne5 Nxe5 13. dxe5 Ng7 14. Rfd1 Bb4 15. a3 Bxc3 16. Bxc3 a6 17. b4 Qe7 18. cxd5 exd5 19. Bd4 Qd8 20. e4 Ne6 21. Be3 Re8 22. f4 d4 23. Bc4 a5 24. Bxe6 Rxe6 25. Rxd4 Qc7 26. Rcd1 Re7 27. Bf2 c5 28. bxc5 bxc5 29. Rd6 Rc8 30. Qc4 Rf8 31. Bh4 Re6 32. Rxe6 fxe6 33. Qxe6+ Qf7 34. Qxf7+ Rxf7 35. g3 Bxe4 36. Rc1 Rc7 37. Bd8 Rc6 38. Bxa5 c4 39. Kf2 Kf7 40. Ke3 Bd3 41. g4 Ke6 42. Kd4 Ra6 43. Bb4 Ra7 44. Ra1 Rd7+ 45. Bd6 Rb7 46. a4 Kd7 47. f5 Kc6 48. f6 Rd7 49. a5 Ra7 50. a6 Be2 51. Bb8 Ra8 52. a7 Kd7 53. h3 Ke6 54. Ra6+ Kf7 55. g5 c3 56. e6+ Ke8 57. Rc6 Kd8 58. Rxc3 Ba6 59. Ke5 Bb7 60. Kd6 Ke8 61. Rc7 Ba6 62. Rxh7 Kf8 63. Rh8# 1-0

[Event "GBR-ch110 Major Open"]
[Site "Hull"]
[Date "2024.07.27"]
[Round "1.45"]
[White "Hu, Junyan"]
[Black "Izod, Chris"]
[Result "0-1"]
[WhiteElo "1617"]
[BlackElo "1924"]
[PlyCount "98"]
[EventDate "2024.07.27"]
[EventType "swiss"]
[EventRounds "9"]
[EventCountry "GBR"]
[SourceTitle "BritBase"]
[Source "John Saunders"]
[SourceDate "2025.02.20"]
[SourceVersion "1"]
[SourceVersionDate "2025.02.20"]
[SourceQuality "1"]

1. e4 e6 2. d4 d5 3. e5 c5 4. c3 Nc6 5. Nf3 Nge7 6. Bd3 cxd4 7. cxd4 Nf5 8. Bxf5 exf5 9. Nc3 Be6 10. Kf1 h6 11. h4 g6 12. Ne2 Qb6 13. Nf4 O-O-O 14. a3 Kb8 15. Kg1 Be7 16. Nxe6 fxe6 17. b4 g5 18. hxg5 hxg5 19. Rxh8 Rxh8 20. Nxg5 Qxd4 21. Qxd4 Nxd4 22. Ra2 Rc8 23. Be3 Bxg5 24. Bxg5 Rc2 25. Ra1 Rb2 26. Be7 b5 27. Rc1 Ne2+ 28. Kf1 Nxc1 29. f3 Kc7 30. Bd6+ Kd7 31. Bc5 Nd3 32. Bxa7 Nxe5 33. Bd4 Rb1+ 34. Kf2 Nc4 35. f4 Rb3 36. g3 Nxa3 37. Bc5 Nc4 38. Kg2 Nd2 39. Kh3 Ne4 40. Bf8 Rxg3+ 41. Kh2 Rg8 42. Bc5 Nxc5 43. bxc5 b4 44. c6+ Kxc6 45. Kh3 b3 46. Kh2 b2 47. Kh3 b1=Q 48. Kh2 Kb7 49. Kh3 Qh1# 0-1

[Event "GBR-ch110 Major Open"]
[Site "Hull"]
[Date "2024.07.27"]
[Round "1.46"]
[White "Pelling, Kyle"]
[Black "Pleimling, Luc"]
[Result "1-0"]
[WhiteElo "1911"]
[BlackElo "1615"]
[PlyCount "73"]
[EventDate "2024.07.27"]
[EventType "swiss"]
[EventRounds "9"]
[EventCountry "GBR"]
[SourceTitle "BritBase"]
[Source "John Saunders"]
[SourceDate "2025.02.20"]
[SourceVersion "1"]
[SourceVersionDate "2025.02.20"]
[SourceQuality "1"]

1. e4 e5 2. Nf3 Nf6 3. Nxe5 d6 4. Nf3 Nxe4 5. Nc3 Nxc3 6. dxc3 Be7 7. Be3 Nd7 8. Qd2 Nc5 9. O-O-O Bf5 10. Bxc5 dxc5 11. Qe3 Qc8 12. Bb5+ c6 13. Bc4 Be6 14. Rhe1 O-O 15. Bxe6 Qxe6 16. Qxe6 fxe6 17. Rxe6 Kf7 18. Re5 Rad8 19. Rde1 Bf6 20. Rxc5 Rfe8 21. Ne5+ Kf8 22. Nd3 Rxe1+ 23. Nxe1 Re8 24. Kd2 Kf7 25. Nd3 Re6 26. Rc4 h5 27. a4 g5 28. a5 Ke7 29. Rb4 Kd6 30. Rxb7 a6 31. Rb6 Kc7 32. Rxa6 Be7 33. Ra7+ Kb8 34. Rd7 c5 35. b4 cxb4 36. cxb4 Kc8 37. Rd5 1-0

[Event "GBR-ch110 Major Open"]
[Site "Hull"]
[Date "2024.07.27"]
[Round "1.47"]
[White "Srivastava, Siddhartha Shankar"]
[Black "Howell, Oliver W"]
[Result "1/2-1/2"]
[WhiteElo "1595"]
[BlackElo "1910"]
[PlyCount "87"]
[EventDate "2024.07.27"]
[EventType "swiss"]
[EventRounds "9"]
[EventCountry "GBR"]
[SourceTitle "BritBase"]
[Source "John Saunders"]
[SourceDate "2025.02.20"]
[SourceVersion "1"]
[SourceVersionDate "2025.02.20"]
[SourceQuality "1"]

1. e4 e6 2. d4 d5 3. e5 c5 4. c3 Nc6 5. Nf3 Bd7 6. Be2 Nge7 7. Na3 cxd4 8. cxd4 Ng6 9. Nc2 Be7 10. O-O O-O 11. b3 Rc8 12. Bb2 Qa5 13. a3 Qb6 14. b4 Nf4 15. Rb1 Nb8 16. Re1 Ba4 17. Qc1 Bxc2 18. Qxf4 Bxb1 19. Rxb1 Qc6 20. Bd3 Qa4 21. Qg3 h6 22. h4 f5 23. exf6 Rxf6 24. Ne5 Nd7 25. Ng4 a5 26. Nxf6+ Nxf6 27. Qe5 Qd7 28. Re1 axb4 29. axb4 Bxb4 30. Bb5 Qd6 31. Qxd6 Bxd6 32. Rxe6 Rc2 33. Rxd6 Rxb2 34. Bf1 b5 35. Rb6 b4 36. f3 Kf7 37. Kh2 b3 38. Bd3 Ke7 39. Rb7+ Kd6 40. Rxg7 Rd2 41. Bf5 Rxd4 42. Rb7 Rxh4+ 43. Kg3 Rc4 44. Rxb3 1/2-1/2

[Event "GBR-ch110 Major Open"]
[Site "Hull"]
[Date "2024.07.27"]
[Round "1.48"]
[White "Leung, Hao Ran"]
[Black "Kapitanski, Furion"]
[Result "1-0"]
[WhiteElo "1910"]
[BlackElo "1581"]
[PlyCount "59"]
[EventDate "2024.07.27"]
[EventType "swiss"]
[EventRounds "9"]
[EventCountry "GBR"]
[SourceTitle "BritBase"]
[Source "John Saunders"]
[SourceDate "2025.02.20"]
[SourceVersion "1"]
[SourceVersionDate "2025.02.20"]
[SourceQuality "1"]

1. c4 e5 2. g3 Nf6 3. Bg2 d5 4. cxd5 Nxd5 5. Nf3 Nc6 6. O-O Be6 7. d4 exd4 8. Nxd4 Nxd4 9. Qxd4 Be7 10. Qe4 g6 11. Qxg6 Bf6 12. Qh6 c6 13. Rd1 Qe7 14. a3 O-O-O 15. e4 Nc7 16. Re1 Bd7 17. Qe3 Kb8 18. e5 Bg7 19. Nc3 Rhe8 20. Qd3 h6 21. Be3 Rg8 22. Qd4 b6 23. Qa4 Qe6 24. Rac1 Rge8 25. f4 c5 26. Qe4 Bc8 27. b4 Qf5 28. bxc5 Qxe4 29. Nxe4 bxc5 30. Rb1+ 1-0

[Event "GBR-ch110 Major Open"]
[Site "Hull"]
[Date "2024.07.27"]
[Round "1.49"]
[White "Guarnieri, Federico"]
[Black "Sefton, Adam"]
[Result "0-1"]
[WhiteElo "1572"]
[BlackElo "1908"]
[PlyCount "67"]
[EventDate "2024.07.27"]
[EventType "swiss"]
[EventRounds "9"]
[EventCountry "GBR"]
[SourceTitle "BritBase"]
[Source "John Saunders"]
[SourceDate "2025.02.20"]
[SourceVersion "1"]
[SourceVersionDate "2025.02.20"]
[SourceQuality "1"]

1. d4 Nf6 2. c4 e6 3. Nc3 d5 4. e3 c6 5. Bd3 Nbd7 6. Nge2 Bd6 7. Ng3 h5 8. h4 Qc7 9. Rh3 dxc4 10. Bxc4 e5 11. Nf5 Bf8 12. Rh1 b5 13. Bb3 Bb7 14. d5 b4 15. d6 Qb8 16. Na4 g6 17. Ng3 Bxd6 18. e4 Qc7 19. Be3 Ng4 20. Bg5 f6 21. Bd2 Nc5 22. f3 Nd3+ 23. Kf1 Ndf2 24. Qc1 Nxh1 25. Nxh1 O-O-O 26. fxg4 hxg4 27. Nf2 Rxh4 28. Nc5 Bxc5 29. Qxc5 Rxd2 30. Be6+ Kb8 31. Qxb4 Qd6 32. Qb3 Qd4 33. Qg3 Rxf2+ 34. Qxf2 0-1

[Event "GBR-ch110 Major Open"]
[Site "Hull"]
[Date "2024.07.27"]
[Round "1.51"]
[White "Borissow, Alastair"]
[Black "Sasikumar, Srivathsan"]
[Result "0-1"]
[WhiteElo "1532"]
[BlackElo "1900"]
[PlyCount "52"]
[EventDate "2024.07.27"]
[EventType "swiss"]
[EventRounds "9"]
[EventCountry "GBR"]
[SourceTitle "BritBase"]
[Source "John Saunders"]
[SourceDate "2025.02.20"]
[SourceVersion "1"]
[SourceVersionDate "2025.02.20"]
[SourceQuality "1"]

1. e4 c5 2. Nf3 Nc6 3. d4 cxd4 4. Nxd4 g6 5. c4 Nf6 6. Nc3 d6 7. h3 Nxd4 8. Qxd4 Bg7 9. Be3 O-O 10. Qd2 Be6 11. Rc1 Rc8 12. b3 a6 13. f3 Bd7 14. Be2 b5 15. g4 Qa5 16. Nd5 Qxd2+ 17. Kxd2 Nxd5 18. cxd5 Bb2 19. Rc2 Ba3 20. Bd4 Rxc2+ 21. Kxc2 Rc8+ 22. Kd3 e6 23. Bc3 b4 24. Bd4 Bc1 25. Be3 Bb5+ 26. Kd4 e5# 0-1

[Event "GBR-ch110 Major Open"]
[Site "Hull"]
[Date "2024.07.27"]
[Round "1.52"]
[White "Brencher, Paul"]
[Black "Swiatkowski, Dominik"]
[Result "1-0"]
[WhiteElo "1899"]
[BlackElo "1523"]
[PlyCount "101"]
[EventDate "2024.07.27"]
[EventType "swiss"]
[EventRounds "9"]
[EventCountry "GBR"]
[SourceTitle "BritBase"]
[Source "John Saunders"]
[SourceDate "2025.02.20"]
[SourceVersion "1"]
[SourceVersionDate "2025.02.20"]
[SourceQuality "1"]

1. d4 Nf6 2. Nc3 d5 3. Bf4 a6 4. e3 Bf5 5. Nf3 e6 6. Bd3 Bxd3 7. cxd3 c5 8. dxc5 Bxc5 9. Qb3 Qb6 10. Qxb6 Bxb6 11. Na4 Ba7 12. Rc1 Nc6 13. a3 Rc8 14. Ke2 Ke7 15. Rc2 Nd7 16. Rhc1 f6 17. b4 e5 18. Bg3 d4 19. Nd2 Rc7 20. Nb3 Rhc8 21. Kd2 Kd6 22. Nac5 dxe3+ 23. fxe3 Bxc5 24. bxc5+ Ke6 25. d4 Nf8 26. e4 Nxd4 27. Nxd4+ exd4 28. Bxc7 Rxc7 29. Kd3 Ke5 30. c6 bxc6 31. Rxc6 Rxc6 32. Rxc6 Ne6 33. g3 h5 34. Rc8 h4 35. Re8 hxg3 36. hxg3 Kd6 37. Ra8 Kc5 38. Rc8+ Kd6 39. Rc2 Kd7 40. Rc4 Kd6 41. a4 Kd7 42. a5 Kd6 43. Rc2 Kd7 44. Rb2 Kc7 45. Rb6 Kd7 46. Kc4 d3 47. Kxd3 Nc7 48. Kc4 Ke7 49. Rb7 Kd6 50. Rb6+ Kd7 51. Kc5 1-0

[Event "GBR-ch110 Major Open"]
[Site "Hull"]
[Date "2024.07.27"]
[Round "1.53"]
[White "Ba, Amy"]
[Black "Metcalfe, Charlie P"]
[Result "1/2-1/2"]
[WhiteElo "1471"]
[BlackElo "1898"]
[PlyCount "203"]
[EventDate "2024.07.27"]
[EventType "swiss"]
[EventRounds "9"]
[EventCountry "GBR"]
[SourceTitle "BritBase"]
[Source "John Saunders"]
[SourceDate "2025.02.20"]
[SourceVersion "1"]
[SourceVersionDate "2025.02.20"]
[SourceQuality "1"]

1. e4 e6 2. d4 d5 3. e5 c5 4. c3 Nc6 5. Nf3 Bd7 6. Be2 Nge7 7. O-O cxd4 8. cxd4 Nf5 9. Be3 Qb6 10. Qd2 Nxe3 11. fxe3 Be7 12. Nc3 O-O 13. Rac1 Rac8 14. Bd3 Na5 15. Qc2 g6 16. Qe2 Nc4 17. Bxc4 Rxc4 18. b3 Rc7 19. Qb2 Rfc8 20. Ne2 Bb5 21. Rxc7 Rxc7 22. Rc1 Rxc1+ 23. Nxc1 Qc7 24. a4 Bd7 25. Nd3 b5 26. axb5 Bxb5 27. Nde1 a5 28. Qc2 Qxc2 29. Nxc2 Kf8 30. Kf2 Bd3 31. Nce1 Ba6 32. Nc2 Ke8 33. Ke1 Kd7 34. Kd2 Kc6 35. Kc3 Bf1 36. g3 Bg2 37. Nfe1 Be4 38. Nd3 Kb5 39. Nf2 Bf3 40. Nd3 Be4 41. Nf2 Bg2 42. Nd3 h5 43. Nf4 Bf3 44. Nd3 g5 45. Nde1 Be4 46. Nd3 g4 47. Nf4 h4 48. Nd3 Bg5 49. Na3+ Kb6 50. Nf4 hxg3 51. hxg3 Be7 52. Nc2 Kb5 53. Nh5 Bg5 54. Nf4 Bh6 55. Na3+ Kb6 56. Nc2 Bf8 57. Nh5 Kb5 58. Nf6 Bf3 59. Nh5 Be7 60. Nf4 Bd8 61. Na3+ Ka6 62. Nc2 Be4 63. Na3 a4 64. b4 Be7 65. Nh5 Bf3 66. Nf4 Bd1 67. Nh5 Kb6 68. Nf4 Bg5 69. Kd2 Bb3 70. Kc3 Be7 71. Nh5 Kc7 72. Nb1 Bc4 73. Na3 Be2 74. Nf4 Bf3 75. Nh5 Kb6 76. Nf4 Be4 77. Nh5 Bg5 78. Nf4 Bh6 79. Kb2 Kc6 80. Kc3 Bf8 81. Nh5 Be7 82. Nf6 Bf3 83. Ng8 Bg5 84. b5+ Kb6 85. Kd3 Bg2 86. Ke2 Ka5 87. Nf6 Bf3+ 88. Kd2 Bxf6 89. exf6 Bg2 90. Ke2 Be4 91. Kd2 Bf3 92. Ke1 Bg2 93. Ke2 Kb6 94. Kd2 Be4 95. Ke2 Bf5 96. Kd2 Ka5 97. Kc3 Be4 98. Kd2 Bg2 99. Ke2 Bf3+ 100. Kd2 Kb6 101. Ke1 Ka5 102. Kd2 1/2-1/2

[Event "GBR-ch110 Major Open"]
[Site "Hull"]
[Date "2024.07.27"]
[Round "1.54"]
[White "Schell, Finn"]
[Black "Qin, Charlie"]
[Result "0-1"]
[WhiteElo "1887"]
[BlackElo "1416"]
[PlyCount "104"]
[EventDate "2024.07.27"]
[EventType "swiss"]
[EventRounds "9"]
[EventCountry "GBR"]
[SourceTitle "BritBase"]
[Source "John Saunders"]
[SourceDate "2025.02.20"]
[SourceVersion "1"]
[SourceVersionDate "2025.02.20"]
[SourceQuality "1"]

1. e4 e5 2. Nf3 Nc6 3. Bb5 a6 4. Ba4 Nf6 5. d3 b5 6. Bb3 d6 7. a4 Bb7 8. O-O Be7 9. Nc3 b4 10. Nd5 Nxd5 11. Bxd5 a5 12. c3 O-O 13. Bd2 bxc3 14. bxc3 Qc8 15. Bg5 Bd8 16. Rb1 h6 17. Be3 Be7 18. Qc2 Nd8 19. Bb3 Kh8 20. Qd2 Kh7 21. Bd5 Bxd5 22. exd5 f5 23. Qe2 Bf6 24. d4 Qd7 25. Qc2 e4 26. Nd2 c6 27. dxc6 Qxc6 28. f3 d5 29. fxe4 fxe4 30. Rb5 Rc8 31. Rc5 Qd7 32. Rxa5 Ne6 33. Qb3 Rfd8 34. Rb5 Qc6 35. Rb6 Qxc3 36. Rxe6 Qxb3 37. Nxb3 Rc3 38. Rb6 Rxe3 39. a5 Ra8 40. Rb7 Rd3 41. a6 Rxa6 42. g3 Bxd4+ 43. Nxd4 Rxd4 44. Rff7 Rg6 45. Rbd7 Rg5 46. Rf4 Rd1+ 47. Kg2 Rd2+ 48. Kg1 e3 49. g4 Rd1+ 50. Kg2 e2 51. h4 e1=Q 52. hxg5 Rd2+ 0-1

[Event "GBR-ch110 Major Open"]
[Site "Hull"]
[Date "2024.07.27"]
[Round "1.55"]
[White "Qin, Oscar"]
[Black "Welling, Zac"]
[Result "0-1"]
[WhiteElo "1351"]
[BlackElo "1887"]
[PlyCount "106"]
[EventDate "2024.07.27"]
[EventType "swiss"]
[EventRounds "9"]
[EventCountry "GBR"]
[SourceTitle "BritBase"]
[Source "John Saunders"]
[SourceDate "2025.02.20"]
[SourceVersion "1"]
[SourceVersionDate "2025.02.20"]
[SourceQuality "1"]

1. d4 Nf6 2. c4 g6 3. g3 Bg7 4. Bg2 O-O 5. Nf3 d6 6. Nc3 Nbd7 7. O-O e5 8. e3 Re8 9. d5 a5 10. e4 Nc5 11. Ne1 Qe7 12. Be3 Ng4 13. Bxc5 dxc5 14. h3 Nf6 15. Nd3 b6 16. b3 Rf8 17. f3 Nh5 18. Ne2 f5 19. Kh2 Bd7 20. Rc1 Rae8 21. Qd2 Bf6 22. Qe1 Bg5 23. Rc2 f4 24. gxf4 Nxf4 25. Nexf4 Bxf4+ 26. Nxf4 Rxf4 27. Qg3 Ref8 28. Rcf2 Qf6 29. a4 g5 30. Bh1 Rh4 31. Bg2 Kh8 32. Rh1 h6 33. Kg1 Kh7 34. Rh2 Be8 35. Rh1 Bh5 36. Rh2 Rf4 37. Kf1 Bxf3 38. Bxf3 Rxf3 39. Rxf3 Qxf3+ 40. Qxf3 Rxf3+ 41. Rf2 Rf4 42. Kg2 Kg6 43. Re2 h5 44. Kg3 h4+ 45. Kg2 Kh5 46. Re1 g4 47. Re3 g3 48. Re2 Kg5 49. Kg1 Rf2 50. Rxf2 gxf2+ 51. Kxf2 Kf4 52. Ke2 Kxe4 53. Kd2 Kf3 0-1

[Event "GBR-ch110 Major Open"]
[Site "Hull"]
[Date "2024.07.27"]
[Round "1.56"]
[White "Lewis, Christopher D"]
[Black "Kulibaev, Richard"]
[Result "1-0"]
[WhiteElo "1885"]
[BlackElo "1213"]
[PlyCount "95"]
[EventDate "2024.07.27"]
[EventType "swiss"]
[EventRounds "9"]
[EventCountry "GBR"]
[SourceTitle "BritBase"]
[Source "John Saunders"]
[SourceDate "2025.02.20"]
[SourceVersion "1"]
[SourceVersionDate "2025.02.20"]
[SourceQuality "1"]

1. d4 d5 2. Nf3 Bf5 3. Bf4 c5 4. e3 a6 5. c3 Nc6 6. Bd3 Bg6 7. O-O Bxd3 8. Qxd3 c4 9. Qc2 e6 10. Nbd2 Bd6 11. Bxd6 Qxd6 12. e4 O-O-O 13. e5 Qc7 14. b3 b5 15. a4 b4 16. bxc4 dxc4 17. Nxc4 a5 18. Nd6+ Kb8 19. cxb4 Nh6 20. Rfc1 Rc8 21. b5 Nb4 22. Qd2 Qd7 23. Rxc8+ Rxc8 24. Nxc8 Qxc8 25. Rc1 Qd7 26. Qc3 Nf5 27. Qc5 Qd8 28. Rd1 Ne7 29. Ng5 Ned5 30. Nxf7 Qd7 31. Nd6 Na2 32. b6 Nac3 33. Ra1 Ne7 34. Qxc3 Nd5 35. Qc5 Qd8 36. Rb1 Nb4 37. Qxa5 Nc6 38. Qc5 Qd7 39. Rc1 Ne7 40. a5 g5 41. a6 g4 42. a7+ Ka8 43. b7+ Qxb7 44. Nxb7 g3 45. Nd6 gxh2+ 46. Kxh2 h5 47. Rb1 h4 48. Rb8# 1-0

[Event "GBR-ch110 Major Open"]
[Site "Hull"]
[Date "2024.07.27"]
[Round "1.57"]
[White "Sobolevski, Damien"]
[Black "McCarthy, Damian M"]
[Result "0-1"]
[WhiteElo "1041"]
[BlackElo "1880"]
[PlyCount "66"]
[EventDate "2024.07.27"]
[EventType "swiss"]
[EventRounds "9"]
[EventCountry "GBR"]
[SourceTitle "BritBase"]
[Source "John Saunders"]
[SourceDate "2025.02.20"]
[SourceVersion "1"]
[SourceVersionDate "2025.02.20"]
[SourceQuality "1"]

1. e4 c5 2. Nf3 e6 3. d4 cxd4 4. Nxd4 Nc6 5. Nxc6 bxc6 6. Nc3 e5 7. Bc4 Nf6 8. O-O Be7 9. Be3 O-O 10. f4 d6 11. f5 Qa5 12. Rf3 Ng4 13. Rg3 Nxe3 14. Rxe3 d5 15. exd5 Bc5 16. Qe2 Qb6 17. Re1 Bxf5 18. Na4 Bxe3+ 19. Qxe3 Qxe3+ 20. Rxe3 Bxc2 21. Nc3 cxd5 22. Bxd5 Rab8 23. b3 Rfe8 24. Rf3 Bg6 25. Re3 Kf8 26. Na4 Rbc8 27. Nb2 Rc1+ 28. Kf2 Rc2+ 29. Re2 Rd8 30. Rxc2 Bxc2 31. Bf3 Bb1 32. a4 Rd2+ 33. Ke3 Rxb2 0-1

[Event "GBR-ch110 Major Open"]
[Site "Hull"]
[Date "2024.07.28"]
[Round "2.1"]
[White "Pick, Freddie"]
[Black "Price, Gwilym T"]
[Result "0-1"]
[WhiteElo "1955"]
[BlackElo "2217"]
[PlyCount "60"]
[EventDate "2024.07.27"]
[EventType "swiss"]
[EventRounds "9"]
[EventCountry "GBR"]
[SourceTitle "BritBase"]
[Source "John Saunders"]
[SourceDate "2025.02.20"]
[SourceVersion "1"]
[SourceVersionDate "2025.02.20"]
[SourceQuality "1"]

1. e4 c5 2. Nf3 e6 3. b3 a6 4. Bb2 Nc6 5. d4 cxd4 6. Nxd4 Qf6 7. Be2 Bc5 8. c3 Qg6 9. Bf3 Ne5 10. O-O Nf6 11. Re1 O-O 12. c4 d6 13. a3 Bd7 14. g3 b5 15. cxb5 Nxf3+ 16. Qxf3 axb5 17. Nd2 Ng4 18. b4 Ba7 19. h3 Nxf2 20. Qxf2 e5 21. Kg2 exd4 22. Bxd4 Bxd4 23. Qxd4 Qe6 24. g4 h5 25. e5 hxg4 26. exd6 gxh3+ 27. Kh2 Qh6 28. Re4 Ra6 29. Rg1 Rxd6 30. Rxg7+ Qxg7 0-1

[Event "GBR-ch110 Major Open"]
[Site "Hull"]
[Date "2024.07.28"]
[Round "2.2"]
[White "Fava, Lorenzo"]
[Black "Usifoh, Kristian C"]
[Result "1-0"]
[WhiteElo "2161"]
[BlackElo "1963"]
[PlyCount "99"]
[EventDate "2024.07.27"]
[EventType "swiss"]
[EventRounds "9"]
[EventCountry "GBR"]
[SourceTitle "BritBase"]
[Source "John Saunders"]
[SourceDate "2025.02.20"]
[SourceVersion "1"]
[SourceVersionDate "2025.02.20"]
[SourceQuality "1"]

1. d4 d5 2. Bf4 Nf6 3. e3 c5 4. dxc5 e6 5. b4 a5 6. c3 axb4 7. cxb4 Nc6 8. Bb5 Bd7 9. Qb3 b6 10. Bxc6 Bxc6 11. b5 Bd7 12. c6 Bc8 13. Nf3 Bd6 14. O-O Bxf4 15. exf4 Qd6 16. Qe3 Qc7 17. a4 Ne4 18. Nc3 Nxc3 19. Qxc3 O-O 20. Qd4 Re8 21. Rfc1 Ra5 22. Re1 Re7 23. Nd2 f6 24. Nb3 Ra8 25. a5 bxa5 26. Qc5 Kf7 27. b6 Qxf4 28. b7 Bxb7 29. cxb7 Rxb7 30. Qc6 Rab8 31. Qxe6+ Kg6 32. g3 Qf5 33. Qxf5+ Kxf5 34. Nd4+ Kg6 35. Rxa5 Rd7 36. Ra4 Rc8 37. Rd1 Rc4 38. Ra3 Rb7 39. Rad3 Rb2 40. R3d2 Rxd2 41. Rxd2 Kf7 42. Ne2 Rc5 43. Nf4 g5 44. Nxd5 Ke6 45. Ne3 h5 46. Kg2 f5 47. Kf3 Ke5 48. Rd8 g4+ 49. Kg2 Ke6 50. Rh8 1-0

[Event "GBR-ch110 Major Open"]
[Site "Hull"]
[Date "2024.07.28"]
[Round "2.3"]
[White "Kumar, Sanjit S"]
[Black "Eames, Robert S"]
[Result "1-0"]
[WhiteElo "1942"]
[BlackElo "2148"]
[PlyCount "87"]
[EventDate "2024.07.27"]
[EventType "swiss"]
[EventRounds "9"]
[EventCountry "GBR"]
[SourceTitle "BritBase"]
[Source "John Saunders"]
[SourceDate "2025.02.20"]
[SourceVersion "1"]
[SourceVersionDate "2025.02.20"]
[SourceQuality "1"]

1. d4 Nf6 2. c4 c5 3. d5 b5 4. cxb5 a6 5. e3 g6 6. Nc3 Bg7 7. Nf3 O-O 8. a4 Bb7 9. Ra3 d6 10. Be2 e6 11. dxe6 fxe6 12. O-O d5 13. Qc2 Qe7 14. e4 d4 15. e5 Nd5 16. Ne4 Rc8 17. Bg5 Qf8 18. Nd6 Nb4 19. Qd2 Rc7 20. b6 Rd7 21. Nxb7 Rxb7 22. a5 N8c6 23. Bc4 Re8 24. Qe2 Rd7 25. Bxa6 Qf5 26. Bb5 d3 27. Qd2 Rb8 28. Be3 Bf8 29. Rc1 g5 30. Bxc5 g4 31. Ne1 Rd5 32. Bxf8 Rxb5 33. Bd6 Rd8 34. Nxd3 Nxd3 35. Qxd3 Qxd3 36. Rxd3 Nxa5 37. Rg3 h5 38. h3 Nb3 39. Rc7 Nd4 40. b7 Ne2+ 41. Kh2 Nxg3 42. Kxg3 Rb3+ 43. f3 gxf3 44. gxf3 1-0

[Event "GBR-ch110 Major Open"]
[Site "Hull"]
[Date "2024.07.28"]
[Round "2.4"]
[White "Jaunooby, Ali Reza"]
[Black "Davis, Cameron"]
[Result "1-0"]
[WhiteElo "2145"]
[BlackElo "1946"]
[PlyCount "129"]
[EventDate "2024.07.27"]
[EventType "swiss"]
[EventRounds "9"]
[EventCountry "GBR"]
[SourceTitle "BritBase"]
[Source "John Saunders"]
[SourceDate "2025.02.20"]
[SourceVersion "1"]
[SourceVersionDate "2025.02.20"]
[SourceQuality "1"]

1. d4 d5 2. c4 dxc4 3. Nf3 c5 4. d5 Nf6 5. Nc3 e6 6. e4 exd5 7. e5 Nfd7 8. Qxd5 Nb6 9. Qxd8+ Kxd8 10. Bg5+ Ke8 11. O-O-O Be7 12. Nb5 Bxg5+ 13. Nxg5 Na6 14. Nd6+ Ke7 15. Nxc4 h6 16. Ne4 Be6 17. Ncd6 Bxa2 18. f4 Bd5 19. Nf5+ Kf8 20. Ned6 g6 21. Ne3 Be6 22. Nxb7 Nb4 23. Nd6 N6d5 24. Nxd5 Bxd5 25. Rg1 a5 26. Be2 a4 27. Bc4 Bxc4 28. Nxc4 Ke7 29. Rd6 Rad8 30. Rgd1 Rxd6 31. exd6+ Kd7 32. Ne5+ Ke6 33. d7 Rd8 34. g3 Nd5 35. Re1 Kf6 36. Rd1 Ke6 37. Nd3 Kd6 38. f5 Rxd7 39. fxg6 fxg6 40. Nf4 Kc6 41. Nxg6 Rg7 42. Ne5+ Kd6 43. Nc4+ Kc6 44. Rf1 Re7 45. Kd2 Re6 46. Rf5 Rf6 47. Ne5+ Kb5 48. g4 Rd6 49. Nf7 Rd7 50. Ke2 Re7+ 51. Kf3 Ne3 52. Rf6 Nd1 53. Nd6+ Kb4 54. Nf5 Rb7 55. Nd6 Rb6 56. Rf4+ Kb3 57. Ne4 Kxb2 58. Nxc5 a3 59. Na4+ Kb3 60. Nxb6 Nc3 61. Rf8 Na4 62. Nxa4 a2 63. Nc5+ Kb2 64. Nd3+ Kb1 65. Rb8+ 1-0

[Event "GBR-ch110 Major Open"]
[Site "Hull"]
[Date "2024.07.28"]
[Round "2.5"]
[White "Dishman, Matthew"]
[Black "Nelson, Jonathan P"]
[Result "1-0"]
[WhiteElo "1936"]
[BlackElo "2143"]
[PlyCount "81"]
[EventDate "2024.07.27"]
[EventType "swiss"]
[EventRounds "9"]
[EventCountry "GBR"]
[SourceTitle "BritBase"]
[Source "John Saunders"]
[SourceDate "2025.02.20"]
[SourceVersion "1"]
[SourceVersionDate "2025.02.20"]
[SourceQuality "1"]

1. e4 e6 2. d4 d5 3. Nd2 Nc6 4. Ngf3 Nf6 5. e5 Nd7 6. Bd3 Nb4 7. Be2 c5 8. c3 Nc6 9. O-O cxd4 10. cxd4 f6 11. exf6 Qxf6 12. Bd3 Bd6 13. Re1 O-O 14. Bxh7+ Kxh7 15. Rxe6 Qf5 16. Rxd6 Nf6 17. Nf1 Kg8 18. Ng3 Qh7 19. Bg5 Ne8 20. Rxd5 Bg4 21. Be3 Nf6 22. Rg5 Be6 23. Ne5 Nb4 24. Nh5 Nxh5 25. Qxh5 Qxh5 26. Rxh5 Rfc8 27. a3 Nc2 28. Rd1 Bb3 29. Rf1 Rd8 30. Nf3 b6 31. h4 a6 32. Re5 a5 33. Re7 Bd5 34. Rc7 Bxf3 35. Rxc2 Be4 36. Rc7 Kh7 37. Rfc1 Rd6 38. Re7 Bd5 39. Rcc7 Rg6 40. g3 Rf8 41. h5 1-0

[Event "GBR-ch110 Major Open"]
[Site "Hull"]
[Date "2024.07.28"]
[Round "2.6"]
[White "Yoon, Jacob D"]
[Black "Lebedev, Lion"]
[Result "1-0"]
[WhiteElo "2118"]
[BlackElo "1941"]
[PlyCount "51"]
[EventDate "2024.07.27"]
[EventType "swiss"]
[EventRounds "9"]
[EventCountry "GBR"]
[SourceTitle "BritBase"]
[Source "John Saunders"]
[SourceDate "2025.02.20"]
[SourceVersion "1"]
[SourceVersionDate "2025.02.20"]
[SourceQuality "1"]

1. d4 d5 2. c4 c6 3. Nc3 Nf6 4. e3 Bf5 5. f3 e6 6. g4 Bg6 7. h4 h5 8. g5 Ng8 9. Nge2 Bd6 10. Qb3 Qc7 11. c5 Bf8 12. e4 dxe4 13. Bf4 Qc8 14. fxe4 Nd7 15. Bh3 b6 16. cxb6 axb6 17. Bg3 Qa6 18. O-O O-O-O 19. Nf4 Ne7 20. Nxg6 Nxg6 21. Rxf7 Qd3 22. Kg2 Qd2+ 23. Rf2 Qxd4 24. Qxe6 Ne7 25. Rd1 Qc5 26. Rxd7 1-0

[Event "GBR-ch110 Major Open"]
[Site "Hull"]
[Date "2024.07.28"]
[Round "2.7"]
[White "Stoica, Savas Marin"]
[Black "Varley, Joe"]
[Result "1-0"]
[WhiteElo "2107"]
[BlackElo "1935"]
[PlyCount "55"]
[EventDate "2024.07.27"]
[EventType "swiss"]
[EventRounds "9"]
[EventCountry "GBR"]
[SourceTitle "BritBase"]
[Source "John Saunders"]
[SourceDate "2025.02.20"]
[SourceVersion "1"]
[SourceVersionDate "2025.02.20"]
[SourceQuality "1"]

1. d4 Nf6 2. c4 g6 3. Nc3 d5 4. cxd5 Nxd5 5. e4 Nxc3 6. bxc3 Bg7 7. Bc4 c5 8. Ne2 O-O 9. O-O Nc6 10. Be3 b6 11. dxc5 Qc7 12. Nd4 Bb7 13. cxb6 Qc8 14. Nxc6 Bxc6 15. bxa7 Bxe4 16. Bd5 Bxd5 17. Qxd5 Qxc3 18. Rab1 Qe5 19. Qf3 Bf6 20. Rfd1 Qc7 21. Rb7 Qa5 22. g3 Kg7 23. Qd5 Qa6 24. Rdb1 e6 25. Qf3 Qxa2 26. Bh6+ Kxh6 27. Qxf6 Rxa7 28. Qh4+ 1-0